00441nam a2200133Ia 4500008004100000041000800041082001500049100002400064245002000088260003700108300000900145999001700154952013600171220803s9999 xx 000 0 und d aeng a891.46 NIR aNirgudkar S.930089 aEk Asato Bilder aMumbaibMajestic Prakashanc2014 a172p c18920d18920 00104070aBNCAbBNCAd2020-01-27eKashyap Sirg180.00l0o891.46 NIRpBNCA-DB-1675r2022-08-03 00:00:00w2022-08-03yDBzDB001675